Gminy powiatu opolskiego - Statystyki

Ogólne statystyki
  • Ten quiz został rozwiązany 7 razy
  • Średni wynik to 5 z 7
Statystyki odpowiedzi
Hint Odpowiedź % Poprawnych
gmina miejsko-wiejska Opole Lubelskie
100%
gmina miejsko-wiejska Józefów nad Wisłą
75%
gmina miejsko-wiejska Poniatowa
75%
gmina wiejska Wilków
75%
gmina wiejska Chodel
50%
gmina wiejska Łaziska
50%
gmina wiejska Karczmiska
25%
Nie znaleziono quizów pasujących do podanych kryteriów
Rozkład punktacji
Procent ludzi z każdym wynikiem
Percentyl według liczby udzielonych odpowiedzi
Twoja historia wyników
Nie rozwiązałeś tego quizu